kladné povinnosti osoby registrovanej pre daň z pridanej hodnoty v zmysle par.7a zákona o DPH

Registrovať sa v zmysle par. 7a zákona o DPH sú povinné zdaniteľné osoby, ktoré nie sú platiteľmi DPH, ani sa ním touto registráciou nestávajú. Registrácia sa týka všetkých zdaniteľných osôb, ktoré vykonávajú nezávisle ekonomickú činnosť, z ktorej dosahujú príjem, pričom ide o výrobu, obchod a posky...

Descripción completa

Guardado en:
Detalles Bibliográficos
Autor principal: Furmaník, Peter
Formato: Capítulo de libro
Lenguaje:eslovaco
Materias:
Etiquetas: Agregar Etiqueta
Sin Etiquetas, Sea el primero en etiquetar este registro!

MARC

LEADER 00000naa a2200000 4500
001 0157489
005 20231208085251.5
041 0 |a slo 
044 |a SK 
245 1 0 |a kladné povinnosti osoby registrovanej pre daň z pridanej hodnoty v zmysle par.7a zákona o DPH  |c Peter Furmaník 
520 |a Registrovať sa v zmysle par. 7a zákona o DPH sú povinné zdaniteľné osoby, ktoré nie sú platiteľmi DPH, ani sa ním touto registráciou nestávajú. Registrácia sa týka všetkých zdaniteľných osôb, ktoré vykonávajú nezávisle ekonomickú činnosť, z ktorej dosahujú príjem, pričom ide o výrobu, obchod a poskytovanie služieb, duševnú tvorivú činnosti (vrátane slobodného povolania), športovú činnosť, či využívanie hmotného a nehmotného majetku na dosahovanie príjmov z tohto majetku. 
610 2 0 |a dane z hodnoty pridanej 
610 2 0 |a registrácia 
610 2 0 |a daňovníci 
610 2 0 |a legislatíva 
610 2 0 |a Slovensko 
100 1 |a Furmaník, Peter